[Event "Druzynowe Mistrzostwa Polski w Szachach Blyskawicznych"]
[Site "Piotrkow Trybunalski"]
[Date "1899-12-30"]
[Round "10.2"]
[White "Trofimiuk, Tomasz"]
[Black "Bulski, Krzysztof"]
[Result "0-1"]
[WhiteTitle "II+"]
[BlackTitle "GM"]
[WhiteElo "1624"]
[BlackElo "2485"]

1. e4 c5 2. Nf3 e6 3. d4 cxd4 4. Nxd4 Nc6 5. Nc3 Qc7 6. Ndb5 Qb8 7. a4 a6 8. Na3
Bxa3 9. Rxa3 Nf6 10. Bg5 Qe5 11. Bxf6 gxf6 12. Bd3 b6 13. Qd2 Qg5 14. Qxg5 fxg5
15. Ne2 Ke7 16. h4 g4 17. Kd2 d6 18. h5 Bd7 0-1

[Event "Druzynowe Mistrzostwa Polski w Szachach Blyskawicznych"]
[Site "Piotrkow Trybunalski"]
[Date "1899-12-30"]
[Round "10.3"]
[White "Gdanski, Jacek"]
[Black "Zochowski, Kacper"]
[Result "1-0"]
[WhiteTitle "GM"]
[BlackTitle "k"]
[WhiteElo "2442"]
[BlackElo "2277"]

1. e4 c5 2. Nc3 a6 3. g3 b5 4. Bg2 Bb7 5. Nge2 e6 6. O-O Qc7 7. d4 cxd4 8. Nxd4
d6 9. Re1 Nf6 10. a4 bxa4 11. Nd5 exd5 12. exd5+ Kd8 13. Bg5 Nbd7 14. Nc6+ Bxc6
15. dxc6 Nc5 16. Be3 Ne6 17. Rxa4 Be7 18. Qd3 Ke8 19. Rxa6 Rxa6 20. Qxa6 Kf8 21.
b4 g6 22. Bh6+ Kg8 23. b5 Nc5 24. Qa8+ Bd8 25. Qa1 Ne6 26. Qa2 Ng4 27. Rxe6 Nxh6
28. Re8+ Kg7 29. Rxh8 Kxh8 30. Qb2+ Kg8 31. b6 Qe7 32. b7 Qe1+ 33. Bf1 Ng4 34.
c3 Bc7 35. b8=Q+ Bxb8 36. Qxb8+ Kg7 37. Qb6 Qxc3 38. c7 Qc2 39. Qd4+ f6 40. Qa7
Kh6 41. h3 Nxf2 42. Qxf2 Qxc7 43. Qxf6 Qc5+ 44. Kg2 Qd5+ 45. Qf3 Qd2+ 46. Be2
Qb2 47. Qf4+ Kg7 48. Kf2 Qa3 49. Qe3 Qb4 50. h4 Qb8 51. Qd4+ Kh6 52. Qf4+ Kg7
53. Bc4 Qb6+ 54. Kg2 Qc6+ 55. Kh2 Qc7 56. Qd4+ Kh6 57. Bd3 Qe7 58. Qf4+ Kg7 59.
Qd4+ Kh6 60. Be4 Qc7 61. Qf2 Qe7 62. Bd5 Qc7 63. Qf8+ 1-0

[Event "Druzynowe Mistrzostwa Polski w Szachach Blyskawicznych"]
[Site "Piotrkow Trybunalski"]
[Date "1899-12-30"]
[Round "10.4"]
[White "Borawski, Jakub"]
[Black "Masternak, Grzegorz"]
[Result "0-1"]
[WhiteTitle "k"]
[BlackTitle "IM"]
[WhiteElo "1984"]
[BlackElo "2267"]

1. e3 d5 2. f4 c5 3. Nf3 Nc6 4. Bb5 Bd7 5. b3 Nf6 6. Bb2 e6 7. Bxc6 Bxc6 8. Ne5
Qc7 9. O-O O-O-O 10. d3 Bd6 11. Nd2 Ne8 12. c4 f6 13. Nxc6 Qxc6 14. cxd5 Qxd5
15. d4 Be7 16. Rc1 Kb8 17. Rc2 Nc7 18. e4 Qd7 19. dxc5 Bxc5+ 20. Rxc5 Qxd2 21.
Qxd2 Rxd2 22. Rf2 Rhd8 23. Rc2 Rd1+ 24. Rf1 R1d2 25. Rf2 Rd1+ 26. Rf1 R1d2 27.
Rfc1 Na6 28. Ba3 b6 29. e5 Rxc2 30. Rxc2 f5 31. Bd6+ Kb7 32. b4 Rc8 33. Rxc8 Kxc8
34. Kf2 Nc7 35. Bxc7 Kxc7 36. Ke3 Kc6 37. Kd4 Kb5 38. h3 Kxb4 39. g4 g6 40. gxf5
gxf5 41. h4 a5 42. Kd3 b5 43. Kc2 Kc4 44. Kb2 Kd4 45. Kb3 Ke4 46. a4 bxa4+ 0-1

[Event "Druzynowe Mistrzostwa Polski w Szachach Blyskawicznych"]
[Site "Piotrkow Trybunalski"]
[Date "1899-12-30"]
[Round "10.5"]
[White "Pakleza, Zbigniew"]
[Black "Psyk, Radoslaw"]
[Result "1-0"]
[WhiteTitle "GM"]
[BlackTitle "k"]
[WhiteElo "2563"]
[BlackElo "2124"]

1. d4 Nf6 2. Bf4 d5 3. e3 c5 4. c3 Nc6 5. Nd2 Qb6 6. Qb3 c4 7. Qc2 g6 8. e4 Nxe4
9. Nxe4 dxe4 10. Bxc4 Bf5 11. Be3 Qc7 12. Ne2 Bg7 13. Ng3 O-O 14. Nxe4 Nxd4 15.
cxd4 Rac8 16. Bxf7+ Rxf7 17. Qxc7 Rxc7 18. Nc3 Bd3 19. Kd2 Ba6 20. Rhd1 e5 21.
d5 e4 22. Rac1 Bd3 23. f3 Bxc3+ 24. Rxc3 Rxc3 25. Kxc3 Rc7+ 26. Kd4 Be2 27. Rd2
exf3 28. d6 Rd7 29. Ke5 Kf7 30. Bxa7 b5 31. Bc5 Ke8 32. b3 Rf7 33. gxf3 Bxf3 34.
Be3 Kd7 35. Rc2 Rf5+ 36. Kd4 Rd5+ 37. Kc3 Rxd6 38. Kb4 Bc6 39. Rf2 Re6 40. Bc5
Re4+ 41. Ka5 Re5 42. Kb6 Rf5 43. Rd2+ Rd5 44. Re2 Ba8 45. Re7+ Kd8 46. Ra7 Kd7
1-0

[Event "Druzynowe Mistrzostwa Polski w Szachach Blyskawicznych"]
[Site "Piotrkow Trybunalski"]
[Date "1899-12-30"]
[Round "10.6"]
[White "Slomczewski, Michal"]
[Black "Dziuba, Marcin"]
[Result "0-1"]
[WhiteTitle "I"]
[BlackTitle "GM"]
[WhiteElo "1950"]
[BlackElo "2536"]

1. c4 e5 2. Nc3 Nc6 3. e3 Nf6 4. Nf3 Bb4 5. Qc2 O-O 6. Nd5 a5 7. Qf5 Nxd5 8. cxd5
d6 9. Qc2 Ne7 10. a3 Bc5 11. e4 f5 12. d3 Ng6 13. Be2 fxe4 14. dxe4 Bg4 15. O-O
Qd7 16. Ng5 Rxf2 17. Rxf2 Rf8 18. Nf3 Nh4 19. b4 Ba7 20. Bg5 Nxf3+ 21. Bxf3 Bxf3
22. gxf3 Rxf3 23. Bh4 Qg4+ 24. Bg3 Bxf2+ 25. Kg2 Bxg3 0-1

[Event "Druzynowe Mistrzostwa Polski w Szachach Blyskawicznych"]
[Site "Piotrkow Trybunalski"]
[Date "1899-12-30"]
[Round "10.7"]
[White "Jakubiec, Artur"]
[Black "Mechlinski, Jakub"]
[Result "1-0"]
[WhiteTitle "GM"]
[BlackTitle "I"]
[WhiteElo "2497"]
[BlackElo "1843"]

1. f4 d5 2. Nf3 g6 3. g3 Bg7 4. Bg2 c6 5. Nc3 Nf6 6. d3 O-O 7. O-O Nbd7 8. e4 dxe4
9. dxe4 Nb6 10. Qe2 Be6 11. Rd1 Qc7 12. h3 Rad8 13. Re1 h5 14. Ng5 Bc4 15. Qf2
Nfd7 16. Be3 Rfe8 17. a4 Nc8 18. a5 b6 19. e5 Qb7 20. Qf3 Nb8 21. g4 hxg4 22.
hxg4 f6 23. Nge4 Bd5 24. f5 fxe5 25. fxg6 1-0

[Event "Druzynowe Mistrzostwa Polski w Szachach Blyskawicznych"]
[Site "Piotrkow Trybunalski"]
[Date "1899-12-30"]
[Round "10.8"]
[White "Rak, Maciej"]
[Black "Weichhold, Pawel"]
[Result "1-0"]
[WhiteTitle "I"]
[BlackTitle "IM"]
[WhiteElo "1700"]
[BlackElo "2382"]

1. e4 c5 2. d4 cxd4 3. c3 d3 4. Bxd3 Nc6 5. f4 g6 6. Nf3 Bg7 7. O-O d6 8. Nbd2
Nf6 9. Nb3 O-O 10. Qe2 a5 11. Nbd4 a4 12. Nb5 Bd7 13. Be3 Qa5 14. Rac1 d5 15.
e5 Ne4 16. Nfd4 f6 17. e6 Bc8 18. a3 Nxd4 19. Bxd4 Bxe6 20. Qe3 Bf7 21. Bb6 d4
22. Qxd4 Rad8 23. Bxa5 Rxd4 24. cxd4 f5 25. Nc7 Bxd4+ 26. Kh1 Nf2+ 27. Rxf2 Bxf2
28. Bb4 Rc8 29. Rc2 Bd4 30. Nb5 Rxc2 31. Bxc2 Bxb2 32. Bxa4 Bd5 33. Nc7 Be4 34.
Bb3+ Kg7 35. Bxe7 Ba1 36. Bd6 Kh6 37. Bf8+ Kh5 38. Kg1 Bd4+ 39. Kh1 Be3 40. Bd6
h6 41. Ne6 g5 42. Nf8 gxf4 43. h3 f3 44. Bf7+ Kg5 45. Nh7+ Kh4 46. gxf3 Bxf3+
47. Kh2 Be4 48. Bg3# 1-0

[Event "Druzynowe Mistrzostwa Polski w Szachach Blyskawicznych"]
[Site "Piotrkow Trybunalski"]
[Date "1899-12-30"]
[Round "10.9"]
[White "Mazurkiewicz, Michal"]
[Black "Bartel, Mateusz"]
[Result "0-1"]
[WhiteTitle "k"]
[BlackTitle "GM"]
[WhiteElo "2294"]
[BlackElo "2628"]

1. e4 c6 2. Nf3 d5 3. Nc3 Nf6 4. exd5 cxd5 5. Bb5+ Bd7 6. Qe2 a6 7. Bxd7+ Nbxd7
8. d4 e6 9. Bf4 Bb4 10. O-O Bxc3 11. bxc3 O-O 12. c4 dxc4 13. Qxc4 b5 14. Qd3
Nb6 15. Ne5 Qd5 16. Bg5 Ne4 17. Be7 Rfe8 18. Bb4 Rac8 19. f3 Nf6 20. Bc5 Na4 21.
Bb4 Nb6 22. Bc5 Rxc5 23. dxc5 Qxc5+ 24. Kh1 Qxe5 25. f4 Qd5 26. Qe3 Nc4 27. Qa7
Qc6 28. a4 bxa4 29. Rab1 Nd2 30. Rb6 Qxc2 31. Rg1 Ng4 32. h3 Nf2+ 33. Kh2 Nfe4
34. Rb8 Nf3+ 35. Kh1 Ng3# 0-1

[Event "Druzynowe Mistrzostwa Polski w Szachach Blyskawicznych"]
[Site "Piotrkow Trybunalski"]
[Date "1899-12-30"]
[Round "10.10"]
[White "Moranda, Wojciech"]
[Black "Morkisz, Bogdan"]
[Result "1-0"]
[WhiteTitle "GM"]
[BlackTitle "k"]
[WhiteElo "2603"]
[BlackElo "2109"]

1. d4 Nf6 2. c4 e5 3. dxe5 Ng4 4. Bf4 Nc6 5. Nf3 Bc5 6. e3 f6 7. exf6 Qxf6 8. Qd2
d6 9. Nc3 Bf5 10. h3 Nge5 11. Nxe5 dxe5 12. Nd5 Qf7 13. Bg3 a5 14. Be2 O-O 15.
O-O Rad8 16. a3 a4 17. Qd1 Na5 18. Qxa4 Nc6 19. b4 Bd6 20. Rad1 Bd7 21. Qb3 Ne7
22. Nxe7+ Bxe7 23. Bxe5 Qg6 24. Bg3 Be6 25. Rxd8 Rxd8 26. Rd1 Rf8 27. Qd3 Bf5
28. Qd5+ Kh8 29. Qxb7 Bd6 30. Bxd6 cxd6 31. Qe7 Rg8 32. Qxd6 Qg5 33. Qf4 Qg6 34.
Kh2 h6 35. Rd6 Qf7 36. e4 1-0

[Event "Druzynowe Mistrzostwa Polski w Szachach Blyskawicznych"]
[Site "Piotrkow Trybunalski"]
[Date "1899-12-30"]
[Round "10.11"]
[White "Gmaj, Krzysztof"]
[Black "Wieczorek, Oskar"]
[Result "1/2-1/2"]
[WhiteTitle "k"]
[BlackTitle "IM"]
[WhiteElo "2155"]
[BlackElo "2282"]

1. d4 Nf6 2. Bf4 g6 3. e3 Bg7 4. h3 O-O 5. Nf3 b6 6. Be2 Bb7 7. O-O d6 8. c4 c5
9. Nc3 cxd4 10. exd4 d5 11. Qb3 Nc6 12. Nxd5 Nxd5 13. cxd5 Na5 14. Qe3 Bxd5 15.
Rfd1 Nc4 16. Bxc4 Bxc4 17. Be5 f6 18. Bg3 Bd5 19. a3 Rc8 20. Rac1 Qd7 21. Re1
e6 22. Nd2 Rxc1 23. Rxc1 Rc8 24. Rc3 Rxc3 25. bxc3 Qc6 26. f3 Bf8 27. Kh2 Bxa3
28. c4 Bc1 29. cxd5 Qxd5 30. Qc3 Bxd2 31. Qxd2 g5 32. Qc3 h5 33. Qc8+ Kg7 34.
Qc7+ Kg6 35. Qxa7 Qxd4 36. Bc7 e5 37. Bxb6 Qf4+ 38. Kh1 g4 39. Be3 Qc4 40. hxg4
hxg4 41. fxg4 Qxg4 42. Qa1 Qe2 43. Qg1 f5 44. Qf2 Qh5+ 45. Kg1 f4 46. Ba7 Qd1+
47. Qf1 Qc2 48. Bf2 Kf5 49. Qa1 e4 50. Qa5+ Kg4 51. Qe1 e3 52. Bxe3 fxe3 53. Qxe3
Qd1+ 54. Kh2 Qd6+ 55. Kg1 Qd1+ 56. Kf2 Qc2+ 57. Qe2+ Qxe2+ 58. Kxe2 Kg3 59. Kf1
Kg4 60. Kf2 Kf4 61. g3+ 1/2-1/2

[Event "Druzynowe Mistrzostwa Polski w Szachach Blyskawicznych"]
[Site "Piotrkow Trybunalski"]
[Date "1899-12-30"]
[Round "11.1"]
[White "Duch, Mariusz"]
[Black "Miton, Kamil"]
[Result "1/2-1/2"]
[WhiteTitle "k"]
[BlackTitle "GM"]
[WhiteElo "2182"]
[BlackElo "2530"]

1. Nf3 Nf6 2. g3 g6 3. Bg2 Bg7 4. O-O O-O 5. c4 d6 6. Nc3 Nc6 7. Rb1 e5 8. d3 Re8
9. Nd2 a5 10. a3 h6 11. b4 axb4 12. axb4 Nd4 13. e3 Ne6 14. Nd5 Nxd5 15. cxd5
Ng5 16. h4 Nh7 17. Bb2 Nf6 18. Qc2 Bd7 19. Ra1 Rxa1 20. Rxa1 Qb8 21. Rc1 Rc8 22.
Qb3 Bb5 23. Nc4 b6 24. e4 h5 25. Bh3 Bd7 26. Bxd7 Nxd7 27. Ne3 1/2-1/2

[Event "Druzynowe Mistrzostwa Polski w Szachach Blyskawicznych"]
[Site "Piotrkow Trybunalski"]
[Date "1899-12-30"]
[Round "11.2"]
[White "Bulski, Krzysztof"]
[Black "Wypych, Dominik"]
[Result "1/2-1/2"]
[WhiteTitle "GM"]
[BlackTitle "k"]
[WhiteElo "2485"]
[BlackElo "2184"]

1. e4 e6 2. d4 d5 3. Nd2 Nf6 4. e5 Nfd7 5. Bd3 c5 6. c3 Nc6 7. Ne2 cxd4 8. cxd4
f6 9. exf6 Qxf6 10. Nf3 h6 11. O-O Bd6 12. Bb1 O-O 13. Qd3 Rd8 14. Ng3 Nf8 15.
a3 Bd7 16. Bd2 Be8 17. Bc3 Rac8 18. Qe3 a6 19. Re1 Bf4 20. Qe2 Bf7 21. Bd3 Bg6
22. Rad1 Bf7 23. Bb1 Bg6 24. Bd3 Bf7 25. Nf1 Bg6 26. Ng3 Bf7 27. Nf1 Bh5 28. Bb1
Bf7 29. Ne3 Bh5 30. h3 Rc7 31. Ng4 Qf7 32. Nfh2 Rdc8 33. Qf3 Bd6 34. Qxf7+ Rxf7
35. Nf3 Bf4 36. Bd3 Rcc7 37. Be2 Rc8 38. Nfh2 Bg6 39. Nf3 Be4 40. Nfe5 Nxe5 41.
Nxe5 1/2-1/2

[Event "Druzynowe Mistrzostwa Polski w Szachach Blyskawicznych"]
[Site "Piotrkow Trybunalski"]
[Date "1899-12-30"]
[Round "11.3"]
[White "Pietocha, Pawel"]
[Black "Gdanski, Jacek"]
[Result "1/2-1/2"]
[WhiteTitle "k"]
[BlackTitle "GM"]
[WhiteElo "2094"]
[BlackElo "2442"]

1. b3 e5 2. Bb2 Nc6 3. e3 a6 4. c4 g6 5. Nf3 Bg7 6. Be2 Nge7 7. d4 exd4 8. Nxd4
O-O 9. Nxc6 Nxc6 10. Bxg7 Kxg7 11. Nc3 d6 12. O-O Be6 13. Bf3 f5 14. Bd5 Bd7 15.
Ne2 Qf6 16. Bxc6 Bxc6 17. Qd4 Rae8 18. Rad1 Qxd4 19. Rxd4 Re5 20. Rfd1 Rfe8 21.
Nf4 Re4 22. Nd5 Rxd4 23. Rxd4 Bxd5 24. Rxd5 Kf6 25. Kf1 Re5 26. Rxe5 dxe5 27.
f3 e4 28. f4 a5 29. Ke2 g5 30. g3 h5 31. Kf2 h4 32. Kg2 Kg6 33. Kf2 Kh5 34. h3
gxf4 35. gxf4 Kg6 36. Ke2 1/2-1/2

[Event "Druzynowe Mistrzostwa Polski w Szachach Blyskawicznych"]
[Site "Piotrkow Trybunalski"]
[Date "1899-12-30"]
[Round "11.4"]
[White "Masternak, Grzegorz"]
[Black "Godlewski, Roman"]
[Result "1-0"]
[WhiteTitle "IM"]
[BlackTitle "III"]
[WhiteElo "2267"]
[BlackElo "2132"]

1. e4 c5 2. Nc3 d6 3. g3 Nc6 4. Bg2 g6 5. d3 Bg7 6. Be3 e6 7. Qd2 h5 8. h3 Nge7
9. f4 O-O 10. Nf3 b6 11. O-O Bb7 12. g4 hxg4 13. hxg4 f5 14. Ng5 Qd7 15. Bf3 Bf6
16. Rf2 Bxg5 17. fxg5 Ne5 18. gxf5 exf5 19. Be2 Rf7 20. Raf1 Raf8 21. Bf4 N7c6
22. Nd5 Kg7 23. Nf6 Rxf6 24. gxf6+ Rxf6 25. Bg5 Rf7 26. Qf4 Nd4 27. Bd1 Ne6 28.
Qh4 Nxg5 29. Qxg5 fxe4 30. Rxf7+ Nxf7 31. Qf6+ Kf8 32. Qxg6 exd3 33. Bh5 Bd5 34.
cxd3 Bxa2 35. Qf6 Ke8 36. Bxf7+ Bxf7 37. Re1+ Kf8 38. Qh8+ Bg8 39. Rf1+ Qf7 40.
Rxf7+ Kxf7 41. Qh6 Ke7 42. Qg5+ Kf8 43. Qf6+ Bf7 44. Qxd6+ 1-0

[Event "Druzynowe Mistrzostwa Polski w Szachach Blyskawicznych"]
[Site "Piotrkow Trybunalski"]
[Date "1899-12-30"]
[Round "11.5"]
[White "Dobrowolski, Piotr"]
[Black "Pakleza, Zbigniew"]
[Result "1/2-1/2"]
[WhiteTitle "IM"]
[BlackTitle "GM"]
[WhiteElo "2331"]
[BlackElo "2563"]

1. e4 d6 2. d4 Nf6 3. Nc3 c6 4. f4 Qb6 5. e5 Nd5 6. Nxd5 cxd5 7. Bd3 Nc6 8. c3
g6 9. Qf3 Qa5 10. Bd2 Bf5 11. Bxf5 gxf5 12. Ne2 e6 13. c4 Qb6 14. exd6 dxc4 15.
d7+ Kxd7 16. d5 Nb4 17. dxe6+ fxe6 18. Bxb4 Bxb4+ 19. Nc3 Qc6 20. O-O-O Kc7 21.
Qe3 Rad8 22. Qe5+ Kb6 23. Rhe1 Bd6 24. Qe3+ Ka6 25. a4 Rhe8 26. Nb5 b6 27. g3
Ka5 28. Kb1 Bb4 29. Nc3 Bxc3 30. Qxc3+ Ka6 31. Rc1 Qxa4 32. Qxc4+ Qxc4 33. Rxc4
Kb7 34. Kc2 Rd5 35. Re2 e5 36. fxe5 Rdxe5 37. Rxe5 Rxe5 38. Rh4 Re7 39. Rh6 a5
40. Rf6 Re2+ 41. Kc3 Rxh2 42. Rxf5 Rh3 43. Rg5 h5 44. Kc4 Ka6 45. b3 h4 46. gxh4
Rxh4+ 47. Kc3 Rh3+ 48. Kb2 Rd3 49. Rf5 Rd7 50. Re5 Rc7 51. Rf5 Rc5 52. Rf6 Kb5
53. Re6 Rf5 54. Rg6 Rf4 55. Re6 Kc5 56. Rg6 b5 57. Ka3 Rf3 58. Rg5+ Kc6 59. Rg6+
Kc7 60. Rg7+ Kd6 61. Rg6+ Kc7 62. Rg7+ Kc8 63. Rg8+ Kd7 64. Rg7+ Kd8 65. Rg8+
Kc7 66. Rg7+ Kc6 67. Rg6+ 1/2-1/2

[Event "Druzynowe Mistrzostwa Polski w Szachach Blyskawicznych"]
[Site "Piotrkow Trybunalski"]
[Date "1899-12-30"]
[Round "11.6"]
[White "Dziuba, Marcin"]
[Black "Stachowiak, Kamil"]
[Result "0-1"]
[WhiteTitle "GM"]
[BlackTitle "IM"]
[WhiteElo "2536"]
[BlackElo "2366"]

1. d4 Nf6 2. c4 c5 3. d5 b5 4. cxb5 a6 5. bxa6 g6 6. Nc3 Bxa6 7. g3 d6 8. Bg2 Bg7
9. Nf3 Nfd7 10. Bd2 Nb6 11. b3 N8d7 12. O-O O-O 13. Ne1 Nf6 14. Nc2 Bb7 15. e4
Ba6 16. Re1 Nfd7 17. Bf1 Bxf1 18. Kxf1 c4 19. Rb1 Ne5 20. Nb4 Qd7 21. Kg2 f5 22.
f4 Ng4 23. Qe2 cxb3 24. Rxb3 fxe4 25. Nc6 Na4 26. Nxe4 Kh8 27. a3 Nf6 28. Nxf6
Bxf6 29. Re3 Nb6 30. Nxe7 Qb7 31. Qf3 Nc4 32. Bc3 Nxe3+ 33. Qxe3 Rf7 34. Bxf6+
Rxf6 35. g4 Raf8 36. g5 R6f7 37. f5 gxf5 38. Qc3+ Rg7 39. h4 f4 40. Kf3 Qd7 41.
Re6 Qb5 42. Kg4 Qf1 43. Qf3 Qg1+ 44. Kh5 Qb1 45. Qc3 f3 46. Kh6 Rfg8 47. Nf5 Qxf5
48. Rf6 Qg4 49. Rxf3 Qxh4# 0-1

[Event "Druzynowe Mistrzostwa Polski w Szachach Blyskawicznych"]
[Site "Piotrkow Trybunalski"]
[Date "1899-12-30"]
[Round "11.7"]
[White "Zeberski, Jakub"]
[Black "Jakubiec, Artur"]
[Result "0-1"]
[WhiteTitle "IM"]
[BlackTitle "GM"]
[WhiteElo "2329"]
[BlackElo "2497"]

1. e4 c5 2. b3 Nf6 3. e5 Nd5 4. Bb2 g6 5. Qf3 Nc7 6. h4 Bg7 7. h5 Nc6 8. Bc4 Ne6
9. Qg3 Qc7 10. Nf3 Ncd4 11. Na3 a6 12. hxg6 hxg6 13. Rxh8+ Bxh8 14. O-O-O b5 15.
Rh1 Bg7 16. Bd3 Bb7 17. Nxd4 cxd4 18. f4 O-O-O 19. Kb1 g5 20. fxg5 Bxe5 21. Qf2
Nxg5 22. c3 dxc3 23. dxc3 Kb8 24. Bxb5 Ne4 25. Qe3 axb5 26. Nxb5 Qc5 27. Nd4 f6
28. Rc1 Nd6 29. Qd2 Qd5 30. Qe2 Qe4+ 31. Qxe4 Bxe4+ 32. Ka1 Bxd4 33. cxd4 Bxg2
34. Ba3 Bc6 35. Re1 Nc8 36. Bc5 f5 37. Kb2 e6 38. a4 f4 39. Ka3 f3 40. b4 Bd5
41. b5 Rg8 42. a5 d6 43. Bb4 f2 44. Rf1 Rg3+ 45. Ka4 Bb3+ 46. Ka3 Bc4+ 0-1

[Event "Druzynowe Mistrzostwa Polski w Szachach Blyskawicznych"]
[Site "Piotrkow Trybunalski"]
[Date "1899-12-30"]
[Round "11.8"]
[White "Weichhold, Pawel"]
[Black "Kolasinski, Krzysztof"]
[Result "0-1"]
[WhiteTitle "IM"]
[BlackTitle "I++"]
[WhiteElo "2382"]
[BlackElo "2049"]

1. e4 c5 2. Nf3 Nc6 3. d4 cxd4 4. Nxd4 Nf6 5. Nc3 e5 6. Ndb5 d6 7. Bg5 a6 8. Na3
b5 9. Bxf6 gxf6 10. Nd5 f5 11. Bxb5 axb5 12. Nxb5 Ra4 13. Nbc7+ Kd7 14. b4 Rxb4
15. O-O Qg5 16. c3 Rxe4 17. Qb3 Rg8 18. g3 Be7 19. Rfd1 Rg6 20. Na8 Ke8 21. Qb6
Bd7 22. a4 Bd8 23. Nac7+ Kf8 24. a5 Rh6 25. Qb2 Qh5 26. f3 Qxf3 27. Rf1 Qe2 28.
Rf2 Qc4 29. a6 f4 30. Raf1 Bxc7 31. Nxc7 Qc5 32. Qb5 Qa7 33. Qb7 Qc5 34. Qb5 Qxb5
35. Nxb5 d5 36. Ra1 fxg3 37. hxg3 Re3 38. Kg2 Bh3+ 39. Kg1 Rxg3+ 40. Kh2 Rd3 41.
a7 Nxa7 42. Rxa7 Bf1+ 43. Kg1 Bh3 44. Rfxf7+ Kg8 45. Rfc7 Rg6+ 46. Kf2 Rg2+ 47.
Ke1 Re3+ 48. Kf1 Rf3+ 49. Ke1 Re3+ 50. Kf1 Rg7+ 51. Kf2 Rxc7 52. Rxc7 Rd3 53.
Nd6 e4 54. Ne8 Kf8 55. Nd6 Be6 56. Nb5 h5 57. Nd4 Bf7 58. Nf5 Rf3+ 59. Ke2 Kg7
0-1

[Event "Druzynowe Mistrzostwa Polski w Szachach Blyskawicznych"]
[Site "Piotrkow Trybunalski"]
[Date "1899-12-30"]
[Round "11.9"]
[White "Bartel, Mateusz"]
[Black "Psyk, Radoslaw"]
[Result "0-1"]
[WhiteTitle "GM"]
[BlackTitle "k"]
[WhiteElo "2628"]
[BlackElo "2124"]

1. e4 Nf6 2. Nc3 e5 3. g3 Nc6 4. Bg2 Bc5 5. Nge2 O-O 6. O-O a6 7. d3 d6 8. h3 Be6
9. Kh2 d5 10. Bg5 d4 11. Nd5 Ng4+ 12. hxg4 Qxg5 13. Nxc7 Bxg4 14. f3 Rac8 15.
Nd5 Be6 16. f4 Qh5+ 17. Kg1 Bg4 18. Rf2 exf4 19. gxf4 Ne7 20. Qd2 Nxd5 21. exd5
Bxe2 22. Qxe2 Qh6 23. Re1 Bd6 24. Qe4 g6 25. Qf3 Rfe8 26. Re4 f5 27. Re6 Red8
28. Qg3 Rc7 29. Qf3 Rcd7 30. Kf1 Rc7 31. Qe2 Rcc8 32. Qd2 Qg7 33. Qa5 Qh6 34.
Qb6 Bxf4 35. Qxd4 Bg3 36. d6 Bxf2 37. Qd5 Qc1+ 38. Kxf2 Rxc2+ 39. Kg3 Qg5+ 40.
Kh2 Qh4+ 41. Kg1 Rc1+ 42. Bf1 Qg3+ 43. Qg2 Qxg2+ 44. Kxg2 Rc6 45. Re7 Rcxd6 46.
Rxb7 R8d7 47. Rb8+ Kg7 48. a4 h5 49. b4 Kf6 50. a5 Kg5 51. Rc8 h4 52. Rc4 Kh5
53. Be2+ Kg5 54. Kh3 Rd4 55. Rc6 Rxd3+ 56. Bxd3 Rxd3+ 57. Kg2 Rb3 58. Rb6 Kh5
59. Rxa6 Rxb4 60. Ra8 Ra4 61. a6 Kg4 62. a7 g5 63. Kh2 Ra2+ 64. Kh1 f4 65. Kg1
f3 66. Kf1 h3 67. Kg1 Ra1+ 68. Kf2 Ra2+ 69. Ke3 f2 70. Rf8 Rxa7 71. Kxf2 Ra2+
72. Kg1 Kg3 73. Rf1 g4 74. Rb1 Kh4 75. Rb4 Kg3 76. Rb3+ Kh4 77. Rb4 Rd2 78. Ra4
Rd5 79. Kh2 Rf5 80. Rb4 Rf2+ 81. Kg1 Rf3 82. Kh2 Kg5 83. Rb5+ Rf5 84. Rb4 Rf4
85. Rb5+ Kh4 86. Rb3 g3+ 87. Kg1 h2+ 88. Kg2 Rf2+ 89. Kh1 Rf1+ 90. Kg2 h1=Q# 0-1

[Event "Druzynowe Mistrzostwa Polski w Szachach Blyskawicznych"]
[Site "Piotrkow Trybunalski"]
[Date "1899-12-30"]
[Round "11.10"]
[White "Slomczewski, Michal"]
[Black "Moranda, Wojciech"]
[Result "0-1"]
[WhiteTitle "I"]
[BlackTitle "GM"]
[WhiteElo "1950"]
[BlackElo "2603"]

1. c4 Nf6 2. Nc3 g6 3. e4 d6 4. d4 Bg7 5. Nf3 O-O 6. Be2 e5 7. d5 a5 8. O-O Na6
9. Bg5 h6 10. Be3 Ng4 11. Qd2 f5 12. exf5 gxf5 13. h3 Nxe3 14. Qxe3 Nc5 15. Nd2
Qg5 16. f4 exf4 17. Qxf4 Bd7 18. Rae1 a4 19. Qxg5 hxg5 20. b3 Bxc3 21. Rd1 axb3
22. axb3 Ra2 0-1

[Event "Druzynowe Mistrzostwa Polski w Szachach Blyskawicznych"]
[Site "Piotrkow Trybunalski"]
[Date "1899-12-30"]
[Round "11.11"]
[White "Wieczorek, Oskar"]
[Black "Mechlinski, Jakub"]
[Result "1-0"]
[WhiteTitle "IM"]
[BlackTitle "I"]
[WhiteElo "2282"]
[BlackElo "1843"]

1. c4 e5 2. g3 Nf6 3. Bg2 d6 4. Nc3 g6 5. e3 Bg7 6. Nge2 O-O 7. O-O c6 8. b3 Qc7
9. d4 Rd8 10. Bb2 Be6 11. Qc2 a6 12. a4 c5 13. d5 Bd7 14. f4 Ne8 15. f5 Bxf5 16.
Rxf5 gxf5 17. Qxf5 Qd7 18. Qc2 Qe7 19. Rf1 Nf6 20. h3 Rf8 21. g4 Nbd7 22. Ng3
Ne8 23. Nf5 Qg5 24. Ne4 Qd8 25. Nfxd6 Nxd6 26. Nxd6 Qc7 27. Nf5 Kh8 28. Be4 h6
29. Qf2 Qd8 30. Bd3 Qg5 31. Kh1 Rae8 32. Rg1 Qd8 33. h4 Rg8 34. g5 hxg5 35. Rxg5
Nf6 36. Qf3 e4 37. Rh5+ Nxh5 38. Qxh5# 1-0